000 01236cam a2200289I 4500
001 ernestnewmanmemo00newm
003 CaSfIA
005 20210118004834.0
007 cr||||
008 720808s1964 nyu 000 0 eng c
010 _a 64014420
040 _aOUN
_cOUN
_dOCLCQ
_dOCLCG
_dDRB
_dUBY
_dCaSfIA
035 _a(OCoLC)375420
050 0 0 _aML423.N35
_bN35 1964
082 4 _a780.92
100 1 _aNewman, Vera,
_d1895-
245 1 0 _aErnest Newman;
_h[electronic resource]
_ba memoir
_cby his wife.
260 _aNew York,
_bKnopf,
_c1964.
300 _a278 p.
_billus., ports.
_c22 cm.
600 1 0 _aNewman, Ernest,
_d1868-1959.
856 4 1 _uhttp://www.archive.org/details/ernestnewmanmemo00newm
_zFree eBook from the Internet Archive
856 4 2 _uhttp://www.openlibrary.org/books/OL5912514M
_zAdditional information and access via Open Library
029 1 _aAU@
_b000027282090
942 _cEB
506 _fНеобхідна авторизація на https://archive.org/ (створення облікового запису безкоштовно)
506 _fНеобхідна авторизація на https://openlibrary.org/ (створення облікового запису безкоштовно)
999 _c493423
_d493423